000
00308 a2200157 4500
001
170229
020
_a
040
_c
Magnum
100
_a
Carr, Stella
240
1
0
_a
Segure o grito !
_l
por
245
1
0
_a
Segure o grito !
362
0
_a
1899
440
1
_a
Scipione
697
_a
IJ/FICCAO
942
_c
BK
999
_c
170229
_d
170229